[Event "Championnats de la Loire jeunes 2011 - B"]
[Site "Roanne"]
[Date "2011.10.22"]
[Round "1.1"]
[White "Buisine, Roman"]
[Black "Adamek, Arthur"]
[Result "1-0"]
[WhiteElo "1693"]
[BlackElo "1199"]
[PlyCount "25"]
[EventDate "2011.??.??"]

1. e4 g5 2. d4 Bg7 3. Bxg5 b5 4. Bxb5 Ba6 5. Nc3 c6 6. Be2 Nh6 7. Qd2 O-O 8.
Bxh6 Bxh6 9. Qxh6 Re8 10. Nf3 d6 11. Ng5 c5 12. Qxh7+ Kf8 13. Qh8# 1-0

[Event "Championnats de la Loire jeunes 2011 - B"]
[Site "Roanne"]
[Date "2011.10.22"]
[Round "1.2"]
[White "Blanchin, Benjamin"]
[Black "Allabrune, Guillaume"]
[Result "0-1"]
[WhiteElo "1199"]
[BlackElo "1520"]
[PlyCount "71"]
[EventDate "2011.??.??"]

1. e4 e5 2. Nf3 Nc6 3. Nc3 Nf6 4. Bc4 Bc5 5. O-O d6 6. Bb5 Bd7 7. Re1 O-O 8.
Bxc6 Bxc6 9. d4 Bb4 10. d5 Bd7 11. Bg5 h6 12. Bxf6 Qxf6 13. a3 Bc5 14. b4 Bb6
15. a4 Qg6 16. a5 Bh3 17. g3 Bd4 18. Nxd4 exd4 19. Qxd4 Qf6 20. Qxf6 gxf6 21.
Re3 Rfe8 22. Ne2 f5 23. exf5 Bxf5 24. Rxe8+ Rxe8 25. Re1 Bxc2 26. Kf1 Bd3 27.
h4 Bc4 28. g4 Bxd5 29. Nf4 Bc4+ 30. Ne2 d5 31. f4 d4 32. Kf2 Re4 33. g5 d3 34.
Kf3 Rxe2 35. Rxe2 dxe2 36. Kf2 0-1

[Event "Championnats de la Loire jeunes 2011 - B"]
[Site "Roanne"]
[Date "2011.10.22"]
[Round "1.3"]
[White "Rasle, Corentin"]
[Black "Moreira, Florian"]
[Result "1-0"]
[WhiteElo "1400"]
[BlackElo "1199"]
[PlyCount "53"]
[EventDate "2011.??.??"]

1. d4 d5 2. c4 e5 3. dxe5 Bf5 4. cxd5 c6 5. Nc3 Bb4 6. Nf3 cxd5 7. Bg5 f6 8.
exf6 gxf6 9. Bd2 Nc6 10. e3 a6 11. Be2 d4 12. exd4 Nxd4 13. Nxd4 Qxd4 14. O-O
Bd3 15. Bh5+ Bg6 16. Qe2+ Ne7 17. a3 Bd6 18. Ne4 O-O 19. Bxg6 Qe5 20. Bxh7+
Kxh7 21. g3 Kg6 22. Qg4+ Kf7 23. Bc3 Qf5 24. Nxd6+ Ke6 25. Nxf5 Rg8 26. Qe4+
Kf7 27. Qxe7+ 1-0

[Event "Championnats de la Loire jeunes 2011 - B"]
[Site "Roanne"]
[Date "2011.10.22"]
[Round "1.4"]
[White "Moreira, Valentin"]
[Black "Villemagne, Antoine"]
[Result "0-1"]
[WhiteElo "1199"]
[BlackElo "1340"]
[PlyCount "68"]
[EventDate "2011.??.??"]

1. e4 e5 2. Nf3 Nc6 3. Bc4 Nd4 4. Nxe5 Nh6 5. O-O f6 6. Nf3 Bc5 7. Re1 d6 8. d3
Bg4 9. Bf4 b5 10. Bd5 c6 11. Nxd4 Bxd1 12. Bxc6+ Kf7 13. Bxa8 Bxd4 14. Bd5+ Kf8
15. Rxd1 Bxb2 16. Nd2 Bxa1 17. Rxa1 g5 18. Be3 Qc7 19. Bd4 Ng4 20. h3 Ne5 21.
Rb1 Qxc2 22. Be3 g4 23. Bb3 Qxd3 24. Bh6+ Ke7 25. Rc1 gxh3 26. Bc2 Qa3 27. Ra1
Rg8 28. Nb1 Qb2 29. Bb3 Rg6 30. Be3 Qxa1 31. Bc2 Qxa2 32. f4 Nf3+ 33. Kf2 Qxc2+
34. Kxf3 Qxg2# 0-1

[Event "Championnats de la Loire jeunes 2011 - B"]
[Site "Roanne"]
[Date "2011.10.22"]
[Round "1.5"]
[White "Coulomb, Marc"]
[Black "Niceto, Pierrick"]
[Result "1-0"]
[WhiteElo "1310"]
[BlackElo "1199"]
[PlyCount "69"]
[EventDate "2011.??.??"]

1. e4 e5 2. Nf3 Nc6 3. Nc3 Nf6 4. Bc4 Bc5 5. O-O O-O 6. d3 d6 7. Bg5 Bg4 8.
Bxf6 Qxf6 9. Nd5 Bxf3 10. Nxf6+ gxf6 11. Qxf3 Nd4 12. Qg4+ Kh8 13. c3 Nc2 14.
Rac1 Ne3 15. fxe3 Bxe3+ 16. Kh1 Rg8 17. Qf3 Bc5 18. b4 Bb6 19. a4 a5 20. Ra1 c5
21. Bxf7 Rg5 22. Qxf6+ Rg7 23. Qxd6 Ra6 24. bxc5 Ra8 25. cxb6 Rc8 26. Qxe5 h6
27. h3 Kh7 28. Qf5+ Kh8 29. Qxc8+ Kh7 30. Qxb7 h5 31. Qd5 h4 32. Qxa5 Rxf7 33.
Rxf7+ Kg6 34. Qf5+ Kh6 35. Rh7# 1-0

[Event "Championnats de la Loire jeunes 2011 - B"]
[Site "Roanne"]
[Date "2011.10.22"]
[Round "1.6"]
[White "Prando, Julien"]
[Black "Acikgoz, Tuncay"]
[Result "0-1"]
[WhiteElo "1199"]
[BlackElo "1199"]
[PlyCount "28"]
[EventDate "2011.??.??"]

1. d4 d5 2. e3 Nc6 3. Nf3 Nf6 4. Bd3 Bg4 5. O-O Bxf3 6. Qxf3 e6 7. Nc3 Bb4 8.
a3 Bxc3 9. bxc3 Qe7 10. Bd2 O-O-O 11. Qd1 a6 12. Qb1 Qd6 13. Qb3 Ng4 14. h3
Qh2# 0-1

[Event "Championnats de la Loire jeunes 2011 - B"]
[Site "Roanne"]
[Date "2011.10.22"]
[Round "2.1"]
[White "Villemagne, Antoine"]
[Black "Buisine, Roman"]
[Result "0-1"]
[WhiteElo "1340"]
[BlackElo "1693"]
[PlyCount "78"]
[EventDate "2011.??.??"]

1. e4 c5 2. g3 d6 3. Bg2 Nf6 4. Nc3 Nc6 5. d3 g6 6. Bg5 Bg7 7. f4 O-O 8. Nf3
Bd7 9. O-O Qb6 10. Na4 Qc7 11. Re1 b5 12. e5 dxe5 13. fxe5 Ng4 14. Nxc5 Rad8
15. h3 Ngxe5 16. Nxe5 Bxe5 17. Na6 Qb6+ 18. Kh2 Qxa6 19. Bxc6 Qxc6 20. Bxe7 Qe6
21. Qg4 Qxe7 22. Qf3 Qe6 23. Qg4 Qxg4 24. hxg4 Bxb2 25. Rab1 Bc3 26. Rf1 Rde8
27. Rb3 b4 28. a3 Re2+ 29. Kh3 Be6 30. Rbb1 bxa3 31. Rf6 Bxf6 32. Rf1 Be7 33.
c4 h5 34. Rf4 Bxg4+ 35. Rxg4 hxg4+ 36. Kxg4 Rf2 37. d4 Kg7 38. c5 f5+ 39. Kh3
Rh8# 0-1

[Event "Championnats de la Loire jeunes 2011 - B"]
[Site "Roanne"]
[Date "2011.10.22"]
[Round "2.2"]
[White "Allabrune, Guillaume"]
[Black "Coulomb, Marc"]
[Result "1-0"]
[WhiteElo "1520"]
[BlackElo "1310"]
[PlyCount "73"]
[EventDate "2011.??.??"]

1. Nf3 Nc6 2. g3 e5 3. d3 Bc5 4. Bg2 Nf6 5. O-O O-O 6. Nbd2 b5 7. Nxe5 Qe7 8.
Nxc6 dxc6 9. Bxc6 Bh3 10. Re1 Rab8 11. Bf3 h6 12. Ne4 Nxe4 13. Bxe4 Qf6 14. e3
Rbd8 15. d4 Rfe8 16. Bh1 a5 17. Qh5 Qf5 18. Qxf5 Bxf5 19. dxc5 Bxc2 20. Bf3 Bf5
21. Kg2 g5 22. h3 Kg7 23. b3 Kg6 24. g4 Bd7 25. Rd1 f5 26. Bb2 Rf8 27. Be5 fxg4
28. hxg4 Rde8 29. Be4+ Kf7 30. Rxd7+ Ke6 31. Rd5 c6 32. Rd6+ Kxe5 33. Bxc6 Rc8
34. Rad1 Rh8 35. R1d5+ Ke4 36. Rd4+ Ke5 37. Re4# 1-0

[Event "Championnats de la Loire jeunes 2011 - B"]
[Site "Roanne"]
[Date "2011.10.22"]
[Round "2.3"]
[White "Acikgoz, Tuncay"]
[Black "Rasle, Corentin"]
[Result "0-1"]
[WhiteElo "1199"]
[BlackElo "1400"]
[PlyCount "80"]
[EventDate "2011.??.??"]

1. e4 e6 2. Nf3 d5 3. e5 c5 4. c4 d4 5. a3 a5 6. Bd3 Nc6 7. O-O Qc7 8. Re1 Bd7
9. Be4 Nge7 10. Qc2 g6 11. Bxc6 Nxc6 12. d3 Bg7 13. Bf4 O-O 14. Qd2 Rfe8 15.
Qe2 Rab8 16. a4 Rf8 17. Nbd2 Nb4 18. Ne4 Qc6 19. b3 Rfe8 20. Bh6 Bxh6 21. Nf6+
Kh8 22. Nxe8 Rxe8 23. h4 Rf8 24. g4 Bg7 25. Qe4 Nc2 26. Qxc6 Bxc6 27. Ng5 h6
28. Rac1 Nxe1 29. Nxf7+ Rxf7 30. Rxe1 Rf4 31. Kf1 Rxg4 32. Re2 Rxh4 33. Ke1 Rh2
34. Kd2 g5 35. Kc2 h5 36. Re1 Kh7 37. Rf1 g4 38. Rg1 h4 39. Rh1 Rxf2+ 40. Kd1
Bxh1 0-1

[Event "Championnats de la Loire jeunes 2011 - B"]
[Site "Roanne"]
[Date "2011.10.22"]
[Round "2.4"]
[White "Adamek, Arthur"]
[Black "Moreira, Valentin"]
[Result "0-1"]
[WhiteElo "1199"]
[BlackElo "1199"]
[PlyCount "84"]
[EventDate "2011.??.??"]

1. d4 d5 2. Nf3 Nf6 3. Bd2 e6 4. Bg5 Bd6 5. h4 h6 6. Bd2 O-O 7. Nc3 Nc6 8. g3
e5 9. e3 exd4 10. exd4 Qe8+ 11. Be2 Bg4 12. Be3 Bxf3 13. Bxf3 Bb4 14. Qd2 Bxc3
15. bxc3 Rd8 16. Qd3 Qe7 17. O-O Qa3 18. Rac1 Qxa2 19. Qd2 Qa3 20. Kh2 Qd6 21.
Ra1 Ra8 22. Rab1 b6 23. Ra1 Qd7 24. Rfb1 Rfe8 25. Qd3 Ne4 26. Kg1 Qh3 27. Rf1
a5 28. Ra4 Reb8 29. Bg4 Qxg4 30. Re1 b5 31. Raa1 b4 32. Qe2 Qf5 33. Bf4 bxc3
34. Ra3 f6 35. Bxc7 Rc8 36. Bxa5 Nxd4 37. Bb4 Nxe2+ 38. Rxe2 Rxa3 39. Bxa3 Qh3
40. Bb4 Ra8 41. Re3 Ra1+ 42. Re1 Rxe1# 0-1

[Event "Championnats de la Loire jeunes 2011 - B"]
[Site "Roanne"]
[Date "2011.10.22"]
[Round "2.5"]
[White "Niceto, Pierrick"]
[Black "Blanchin, Benjamin"]
[Result "0-1"]
[WhiteElo "1199"]
[BlackElo "1199"]
[PlyCount "58"]
[EventDate "2011.??.??"]

1. e4 e5 2. Nf3 Nc6 3. Nc3 Nf6 4. Bb5 d6 5. O-O Bg4 6. d3 a6 7. Bc4 d5 8. exd5
Bxf3 9. Qxf3 Nd4 10. Qd1 Bb4 11. Bg5 O-O 12. a3 Bc5 13. Na4 Be7 14. c3 Nf5 15.
Re1 b5 16. d6 Bxd6 17. Bd5 c6 18. Bxc6 Rc8 19. Qf3 bxa4 20. Qxf5 Rxc6 21. Qf3
Rb6 22. Be3 Rxb2 23. Bc1 Rb3 24. Bd2 Re8 25. Rab1 Rxb1 26. Rxb1 e4 27. dxe4
Nxe4 28. Qg4 Nxd2 29. Re1 Rxe1# 0-1

[Event "Championnats de la Loire jeunes 2011 - B"]
[Site "Roanne"]
[Date "2011.10.22"]
[Round "2.6"]
[White "Moreira, Florian"]
[Black "Prando, Julien"]
[Result "1/2-1/2"]
[WhiteElo "1199"]
[BlackElo "1199"]
[PlyCount "93"]
[EventDate "2011.??.??"]

1. e4 e5 2. Nf3 d6 3. d4 Nf6 4. Nc3 Ng4 5. Be3 Be7 6. h3 Nxe3 7. fxe3 O-O 8.
Nd5 Bh4+ 9. Nxh4 Qxh4+ 10. Ke2 Bg4+ 11. hxg4 Qxh1 12. Nxc7 Nc6 13. Nxa8 Rxa8
14. d5 Nb4 15. Qd2 a5 16. a3 Na6 17. b4 axb4 18. axb4 f6 19. b5 g6 20. bxa6
Rxa6 21. Rxa6 bxa6 22. Ke1 a5 23. Qxa5 Qh4+ 24. Kd1 Qxg4+ 25. Be2 Qxg2 26. Qd8+
Kg7 27. Qxd6 Qxe4 28. Kd2 h5 29. Bd3 Qg2+ 30. Kc1 h4 31. Qe7+ Kh6 32. Qxf6 h3
33. Bf1 Qg1 34. Qh8+ Kg5 35. Qxh3 Qg4 36. Qxg4+ Kxg4 37. d6 Kf3 38. Kd2 Kf2 39.
Bd3 g5 40. d7 g4 41. d8=Q g3 42. Be4 g2 43. Bxg2 Kxg2 44. Ke1 e4 45. Qf6 Kg3
46. Qf4+ Kh3 47. Kf2 1/2-1/2

[Event "Championnats de la Loire jeunes 2011 - B"]
[Site "Roanne"]
[Date "2011.10.22"]
[Round "3.1"]
[White "Buisine, Roman"]
[Black "Allabrune, Guillaume"]
[Result "1-0"]
[WhiteElo "1693"]
[BlackElo "1520"]
[PlyCount "39"]
[EventDate "2011.??.??"]

1. e4 e5 2. Nf3 Nc6 3. Bb5 Bc5 4. O-O d6 5. c3 Nf6 6. d4 exd4 7. cxd4 a6 8.
Bxc6+ bxc6 9. dxc5 Nxe4 10. cxd6 cxd6 11. Qc2 Nc5 12. b4 Ne6 13. Qxc6+ Bd7 14.
Qxd6 Ba4 15. Qxd8+ Rxd8 16. Be3 O-O 17. Nc3 Bc2 18. Rac1 Bf5 19. Rfd1 h6 20.
Nd4 1-0

[Event "Championnats de la Loire jeunes 2011 - B"]
[Site "Roanne"]
[Date "2011.10.22"]
[Round "3.2"]
[White "Rasle, Corentin"]
[Black "Villemagne, Antoine"]
[Result "1-0"]
[WhiteElo "1400"]
[BlackElo "1340"]
[PlyCount "61"]
[EventDate "2011.??.??"]

1. d4 d5 2. c4 dxc4 3. Nf3 Nc6 4. e4 Nf6 5. Nc3 Bg4 6. Be3 e6 7. Bxc4 Bb4 8. e5
Nd5 9. Bxd5 exd5 10. Bd2 Nxd4 11. Bg5 f6 12. exf6 gxf6 13. Qxd4 O-O 14. Qxg4
fxg5 15. Qxb4 Re8+ 16. Ne2 a5 17. Qd2 g4 18. Nfd4 Qf6 19. O-O Re4 20. Rac1 Rc8
21. Qxa5 b6 22. Qxd5+ Kf8 23. Qxe4 Re8 24. Qxh7 c5 25. Ng3 Qxd4 26. Qf5+ Kg7
27. Nh5+ Kh6 28. Rce1 Rg8 29. Re6+ Qf6 30. Rxf6+ Rg6 31. Qxg6# 1-0

[Event "Championnats de la Loire jeunes 2011 - B"]
[Site "Roanne"]
[Date "2011.10.22"]
[Round "3.3"]
[White "Coulomb, Marc"]
[Black "Blanchin, Benjamin"]
[Result "1-0"]
[WhiteElo "1310"]
[BlackElo "1199"]
[PlyCount "45"]
[EventDate "2011.??.??"]

1. e4 e5 2. Nf3 Nc6 3. Bc4 Nf6 4. Ng5 h6 5. Nxf7 Qe7 6. Nxh8 Nxe4 7. Bf7+ Kd8
8. Bd5 Qf6 9. O-O Qf5 10. d3 Nf6 11. Nc3 Bc5 12. Ne4 b5 13. Nxf6 gxf6 14. Bxc6
dxc6 15. c3 Qh7 16. d4 exd4 17. cxd4 Bb4 18. d5 c5 19. Bxh6 Qxh8 20. Bf4 Bb7
21. a3 Ba5 22. h3 Qh5 23. Qxh5 1-0

[Event "Championnats de la Loire jeunes 2011 - B"]
[Site "Roanne"]
[Date "2011.10.22"]
[Round "3.4"]
[White "Moreira, Valentin"]
[Black "Acikgoz, Tuncay"]
[Result "0-1"]
[WhiteElo "1199"]
[BlackElo "1199"]
[PlyCount "112"]
[EventDate "2011.??.??"]

1. e4 e5 2. Nf3 Nc6 3. Bc4 Bc5 4. O-O Nf6 5. Re1 d6 6. h3 O-O 7. d3 h6 8. Nc3
Bb4 9. Be3 a6 10. a3 Bxc3 11. bxc3 b5 12. Bd5 Bb7 13. Rb1 Na5 14. Bxb7 Nxb7 15.
c4 Qd7 16. cxb5 axb5 17. Qc1 d5 18. Rb3 d4 19. Bd2 Rfe8 20. Qb2 Nc5 21. Rxb5
Na4 22. Qb3 c6 23. Rb7 Nc5 24. Rxd7 Nxb3 25. Rc7 Nxd2 26. Nxd2 Rxa3 27. Rxc6
Rc3 28. Rxc3 dxc3 29. Nc4 Nd7 30. Nd6 Ra8 31. Nb5 Rc8 32. Ra1 Rc5 33. Rb1 g6
34. d4 exd4 35. Nxd4 Rc4 36. Nb5 Rxe4 37. Nxc3 Rc4 38. Rb3 Nc5 39. Rb5 Rxc3 40.
Rb2 Na4 41. Ra2 Nc5 42. g4 Rxh3 43. c4 Rc3 44. Ra5 Rxc4 45. Ra8+ Kg7 46. Rc8
Rxg4+ 47. Kf1 Nd3 48. f3 Rf4 49. Ke2 Ne5 50. Ke3 g5 51. Rc5 Nxf3 52. Rc3 h5 53.
Kf2 g4 54. Kg2 Ne1+ 55. Kg3 Rf3+ 56. Kh4 Rxc3 0-1

[Event "Championnats de la Loire jeunes 2011 - B"]
[Site "Roanne"]
[Date "2011.10.22"]
[Round "3.5"]
[White "Adamek, Arthur"]
[Black "Moreira, Florian"]
[Result "0-1"]
[WhiteElo "1199"]
[BlackElo "1199"]
[PlyCount "58"]
[EventDate "2011.??.??"]

1. b4 e5 2. Bb2 Nc6 3. Bc3 Bxb4 4. e4 Bxc3 5. dxc3 Nf6 6. c4 d6 7. Nd2 a6 8.
Be2 Nd4 9. Nh3 b5 10. cxb5 Bd7 11. bxa6 Ba4 12. Rc1 Nxe2 13. Qxe2 Qd7 14. O-O
Bb5 15. Rb1 Bxe2 16. Rfe1 Bg4 17. Ng5 Qa4 18. c4 d5 19. cxd5 Nxd5 20. exd5 Qa5
21. Rxe5+ Kd7 22. Nb3 Qxa2 23. Ree1 Rab8 24. a7 Rxb3 25. Rbc1 Re8 26. Ra1 Rxe1+
27. Rxe1 Rb1 28. Rf1 Rxf1+ 29. Kxf1 Qa1# 0-1

[Event "Championnats de la Loire jeunes 2011 - B"]
[Site "Roanne"]
[Date "2011.10.22"]
[Round "3.6"]
[White "Prando, Julien"]
[Black "Niceto, Pierrick"]
[Result "0-1"]
[WhiteElo "1199"]
[BlackElo "1199"]
[PlyCount "88"]
[EventDate "2011.??.??"]

1. e4 e5 2. d3 Nf6 3. Nf3 Nc6 4. Be2 Bb4+ 5. c3 Bc5 6. Nfd2 O-O 7. O-O d6 8.
Bf3 Bg4 9. Bxg4 Nxg4 10. Qxg4 d5 11. Nb3 b6 12. Bh6 Qf6 13. Bc1 Na5 14. d4 Be7
15. dxe5 Qxe5 16. Bh6 Qf6 17. Bg5 Qd6 18. e5 Qxe5 19. N1d2 Bxg5 20. Nf3 Qf6 21.
Nxg5 Nxb3 22. axb3 Rfe8 23. Qh4 h6 24. f4 hxg5 25. fxg5 Qg6 26. Rf2 Re7 27.
Raf1 Rae8 28. Rf6 Qd3 29. R1f3 Re1+ 30. Kf2 Qe2+ 31. Kg3 gxf6 32. Rxf6 Re3+ 33.
Kf4 Qd2 34. g6 Re4+ 35. Kf5 Rxh4 36. gxf7+ Kf8 37. Kg6 Rh6+ 38. Kf5 Rxf6+ 39.
Kxf6 Qf4+ 40. Kg6 Re6+ 41. Kh5 Qxf7+ 42. Kh4 Rg6 43. g4 Qf4 44. h3 Rh6# 0-1

[Event "Championnats de la Loire jeunes 2011 - B"]
[Site "Roanne"]
[Date "2011.10.23"]
[Round "4.1"]
[White "Rasle, Corentin"]
[Black "Buisine, Roman"]
[Result "1/2-1/2"]
[WhiteElo "1400"]
[BlackElo "1693"]
[PlyCount "206"]
[EventDate "2011.??.??"]

1. d4 d5 2. c4 e6 3. Nc3 Nf6 4. Bg5 Bb4 5. e3 c5 6. a3 Bxc3+ 7. bxc3 Qa5 8. Qb3
Ne4 9. Nf3 Nxc3 10. Bd3 Ne4+ 11. Ke2 cxd4 12. exd4 Nc6 13. Be3 O-O 14. Rhc1 Re8
15. Kf1 Ne7 16. Kg1 Nf5 17. Rf1 Re7 18. Rac1 $11 Kh8 19. cxd5 Qxd5 20. Qc2 Bd7
21. Bxe4 Nxe3 22. fxe3 Qa5 23. Ne5 f5 24. Nxd7 Rxd7 25. Bxb7 Rad8 26. Qc4 Rxb7
27. Qxe6 Qxa3 28. Rc8 Rb8 29. Rxd8+ Rxd8 30. Qxf5 Qxe3+ 31. Kh1 Qe7 32. d5 $11
Kg8 33. h3 Rf8 34. Qd3 Rxf1+ 35. Qxf1 Qf7 36. Qe2 Kf8 37. Qe1 Qxd5 38. Qb4+ Ke8
39. Qb8+ Qd8 40. Qe5+ Qe7 41. Qb8+ Kf7 42. Qf4+ Kg6 43. Qg4+ Kf7 44. Qf4+ Ke6
45. Qc4+ Kd6 46. Qd4+ Ke6 47. Qe4+ $11 Kf7 48. Qf5+ Kg8 49. Qc8+ Qf8 50. Qe6+
Kh8 51. Qe1 Qa8 52. Qa5 h6 53. Qa6 Qb8 54. Qa4 Qb1+ 55. Kh2 Qb8+ 56. Kh1 Qb7
57. Qe8+ Kh7 58. Qe3 Qb1+ 59. Kh2 Qb8+ 60. Kh1 Qa8 61. Qd3+ Kh8 62. Qa6 Qb8 63.
Qa4 Qb7 64. Qe8+ Kh7 65. Qe3 a6 66. Qd3+ Kg8 67. Qd8+ Kf7 68. Qa5 Qb5 69. Qc7+
Kg6 70. Qc2+ Kf6 71. Qc3+ Qe5 72. Qc6+ Qe6 73. Qc3+ Ke7 74. Qc7+ Kf6 75. Qc3+
Kg6 76. Qc2+ Qf5 77. Qc6+ $11 Qf6 78. Qc2+ Kf7 79. Qc4+ Ke7 80. Qc7+ Ke6 81.
Qc4+ Kd7 82. Qd5+ Kc7 83. Qc5+ Kb7 84. Qd5+ Qc6 85. Qb3+ Ka8 86. Qg8+ Kb7 87.
Qxg7+ Kb6 88. Qd4+ Kb5 89. Qb2+ Ka5 90. Qa2+ Qa4 91. Qd5+ Kb6 92. Qd6+ Qc6 93.
Qb4+ Kc7 94. Qe7+ Kc8 95. Qf8+ Kd7 96. Qg7+ Ke8 97. Qg8+ Ke7 98. Qg7+ Kd8 99.
Qf8+ Kc7 100. Qe7+ Kb6 101. Qb4+ Kc7 102. Qe7+ Qd7 103. Qc5+ Kb7 1/2-1/2

[Event "Championnats de la Loire jeunes 2011 - B"]
[Site "Roanne"]
[Date "2011.10.23"]
[Round "4.2"]
[White "Acikgoz, Tuncay"]
[Black "Coulomb, Marc"]
[Result "1-0"]
[WhiteElo "1199"]
[BlackElo "1310"]
[PlyCount "71"]
[EventDate "2011.??.??"]

1. e4 e5 2. Nf3 Nc6 3. Nc3 Bc5 4. Bb5 Nf6 5. Bxc6 dxc6 6. Nxe5 O-O 7. Nf3 Bg4
8. h3 Bh5 9. g4 Bg6 10. g5 Nxe4 11. Nxe4 Bxe4 12. d3 Bb4+ 13. Bd2 Bxd2+ 14.
Nxd2 Bxh1 15. Qg4 Re8+ 16. Ne4 Bxe4 17. dxe4 Qd4 18. f3 Rad8 19. c3 Qd2+ 20.
Kf1 Qxb2 21. Re1 Qxc3 22. Qf4 Qc4+ 23. Kg2 Qxa2+ 24. Kg3 Qa5 25. Re3 Qe5 26.
Ra3 Qxf4+ 27. Kxf4 a6 28. h4 Rd6 29. e5 Rd4+ 30. Kg3 Rxe5 31. f4 Ree4 32. Rb3
b5 33. Ra3 Rxf4 34. Rxa6 Rxh4 35. Ra8+ Rd8 36. Rxd8# 1-0

[Event "Championnats de la Loire jeunes 2011 - B"]
[Site "Roanne"]
[Date "2011.10.23"]
[Round "4.3"]
[White "Allabrune, Guillaume"]
[Black "Moreira, Florian"]
[Result "1-0"]
[WhiteElo "1520"]
[BlackElo "1199"]
[PlyCount "75"]
[EventDate "2011.??.??"]

1. e4 e5 2. Nf3 Nc6 3. Bc4 Bc5 4. d3 h6 5. O-O Nf6 6. b3 O-O 7. Bb2 Nd4 8. Nxe5
d5 9. exd5 Nxd5 10. c3 Ne6 11. d4 f6 12. dxc5 fxe5 13. Qxd5 Qxd5 14. Bxd5 Rf6
15. c4 Kh8 16. Re1 Nd4 17. Bxd4 exd4 18. Re8+ Kh7 19. Be4+ g6 20. Bxb7 Bxb7 21.
Re7+ Kg8 22. Rxc7 Re8 23. Kf1 Be4 24. Nd2 Bd3+ 25. Kg1 Re2 26. Nf3 Be4 27. Nxd4
Rfxf2 28. Nxe2 Rxe2 29. Kf1 Rxg2 30. Re1 Rg4 31. Rxa7 Bg2+ 32. Kf2 Bc6 33. Re6
Rf4+ 34. Ke2 Re4+ 35. Rxe4 Bxe4 36. Rc7 Bb1 37. c6 Bxa2 38. Ra7 1-0

[Event "Championnats de la Loire jeunes 2011 - B"]
[Site "Roanne"]
[Date "2011.10.23"]
[Round "4.4"]
[White "Villemagne, Antoine"]
[Black "Niceto, Pierrick"]
[Result "1-0"]
[WhiteElo "1340"]
[BlackElo "1199"]
[PlyCount "59"]
[EventDate "2011.??.??"]

1. e4 g6 2. Nf3 d6 3. Nc3 Bg7 4. Bb5+ c6 5. Ba4 Bg4 6. O-O e5 7. h3 Be6 8. d4
Qb6 9. dxe5 dxe5 10. b3 Nd7 11. Bg5 f6 12. Be3 Qb4 13. Qd2 Nc5 14. Bxc5 Qxc5
15. Rad1 Rd8 16. Qxd8+ Kf7 17. Qc7+ Ne7 18. Rd3 f5 19. Ng5+ Kf6 20. Nxe6 Kxe6
21. Rfd1 Rc8 22. Qxb7 fxe4 23. Nxe4 Qa3 24. Ng5+ Kf5 25. Nxh7 e4 26. Qd7+ Ke5
27. Qd6+ Kf5 28. Qxa3 Bf8 29. Qc5+ Kf4 30. g3# 1-0

[Event "Championnats de la Loire jeunes 2011 - B"]
[Site "Roanne"]
[Date "2011.10.23"]
[Round "4.5"]
[White "Blanchin, Benjamin"]
[Black "Moreira, Valentin"]
[Result "1-0"]
[WhiteElo "1199"]
[BlackElo "1199"]
[PlyCount "101"]
[EventDate "2011.??.??"]

1. e4 e5 2. Nf3 Nf6 3. Nc3 d6 4. d4 Bg4 5. Bc4 exd4 6. Qxd4 Nc6 7. Qe3 Be7 8.
O-O O-O 9. Re1 h6 10. h3 d5 11. hxg4 dxc4 12. Rd1 Bc5 13. Rxd8 Bxe3 14. Rd1
Bxc1 15. Raxc1 Rad8 16. e5 Nxg4 17. Re1 f6 18. exf6 Nxf6 19. Rcd1 Rxd1 20. Rxd1
g5 21. Nd5 Nxd5 22. Rxd5 Ne7 23. Rd7 Rf7 24. Rxc7 g4 25. Ne5 Rh7 26. Rxc4 h5
27. b4 b5 28. Rc7 a6 29. f3 g3 30. f4 Kf8 31. f5 Kg8 32. f6 Nd5 33. f7+ Kf8 34.
Rc8+ Ke7 35. f8=Q+ Ke6 36. Re8+ Ne7 37. Ng6 Rf7 38. Rxe7+ Rxe7 39. Nxe7 Kd7 40.
Ng8 Ke6 41. Qh6+ Kf7 42. Qg5 Kf8 43. Qxg3 h4 44. Qxh4 Kxg8 45. g4 Kg7 46. g5
Kg6 47. Qh6+ Kf5 48. g6 Kf6 49. g7+ Kf7 50. Qh7 a5 51. g8=R+ 1-0

[Event "Championnats de la Loire jeunes 2011 - B"]
[Site "Roanne"]
[Date "2011.10.23"]
[Round "4.6"]
[White "Prando, Julien"]
[Black "Adamek, Arthur"]
[Result "1-0"]
[WhiteElo "1199"]
[BlackElo "1199"]
[PlyCount "77"]
[EventDate "2011.??.??"]

1. e3 e5 2. Nh3 Bb4 3. c3 Be7 4. Bc4 c6 5. Qb3 d5 6. Be2 e4 7. Bh5 g6 8. Bd1 h6
9. O-O g5 10. f4 f6 11. fxg5 hxg5 12. Bh5+ Rxh5 13. Qd1 Bxh3 14. Qxh5+ Kf8 15.
Qxh3 a5 16. Rf5 Qc7 17. Kf1 Bd6 18. d4 Bxh2 19. b3 Nd7 20. Ba3+ Ne7 21. Rxf6+
Nxf6 22. Qh8+ Kf7 23. Qxa8 b6 24. Qh8 Bg3 25. Nd2 Nf5 26. Qf8+ Ke6 27. Nf3 Nh7
28. Qg8+ Qf7 29. Nxg5+ Nxg5 30. Qxg5 Bd6 31. Re1 Bxa3 32. Re2 Bc1 33. g4 Nxe3+
34. Ke1 b5 35. Rh2 Qh7 36. Rxh7 Ng2+ 37. Ke2 Nf4+ 38. Kd1 Nd3 39. Qg6# 1-0

[Event "Championnats de la Loire jeunes 2011 - B"]
[Site "Roanne"]
[Date "2011.10.23"]
[Round "5.1"]
[White "Buisine, Roman"]
[Black "Acikgoz, Tuncay"]
[Result "1-0"]
[WhiteElo "1693"]
[BlackElo "1199"]
[PlyCount "71"]
[EventDate "2011.??.??"]

1. e4 e5 2. Nf3 Nc6 3. Bb5 Nd4 4. Bc4 Nf6 5. O-O Nc6 6. Ng5 d5 7. exd5 Nxd5 8.
d3 Be7 9. Qf3 Be6 10. Nxe6 fxe6 11. Bd2 Qd7 12. Nc3 O-O-O 13. a3 a6 14. b4 Nd4
15. Qd1 Nxc3 16. Bxc3 h5 17. Re1 Bf6 18. Bxd4 Qxd4 19. Bxe6+ Kb8 20. Re4 Qd6
21. Bb3 Rhf8 22. a4 g5 23. b5 g4 24. bxa6 Qxa6 25. Bc4 Qa7 26. a5 Bg7 27. Qe2
Rf4 28. Rxf4 exf4 29. Ra2 Bc3 30. a6 b6 31. Ra3 Bb4 32. Rb3 Bc5 33. Qe5 Rf8 34.
Qxc5 Re8 35. Rb1 Re2 36. Qf8+ 1-0

[Event "Championnats de la Loire jeunes 2011 - B"]
[Site "Roanne"]
[Date "2011.10.23"]
[Round "5.2"]
[White "Allabrune, Guillaume"]
[Black "Rasle, Corentin"]
[Result "0-1"]
[WhiteElo "1520"]
[BlackElo "1400"]
[PlyCount "62"]
[EventDate "2011.??.??"]

1. Nf3 d5 2. g3 c5 3. Bg2 Nc6 4. O-O e5 5. d3 Be7 6. e3 Bg4 7. b3 Nf6 8. Bb2
O-O 9. h3 Bxf3 10. Bxf3 Bd6 11. c4 d4 12. exd4 exd4 13. Nd2 Qc7 14. Ne4 Nxe4
15. Bxe4 f5 16. Bd5+ Kh8 17. f4 Nb4 18. Bf3 Rae8 19. a3 Nc6 20. Re1 Re7 21.
Rxe7 Bxe7 22. Qe2 Bd6 23. Qe6 Ne7 24. Bxb7 Bxf4 25. gxf4 Qxb7 26. Re1 Ng6 27.
Qe8 Qf3 28. Qe2 Qg3+ 29. Kh1 Qxh3+ 30. Qh2 Qf3+ 31. Kg1 Nxf4 0-1

[Event "Championnats de la Loire jeunes 2011 - B"]
[Site "Roanne"]
[Date "2011.10.23"]
[Round "5.3"]
[White "Coulomb, Marc"]
[Black "Villemagne, Antoine"]
[Result "1-0"]
[WhiteElo "1310"]
[BlackElo "1340"]
[PlyCount "107"]
[EventDate "2011.??.??"]

1. e4 e5 2. Nf3 Nc6 3. Bc4 Nf6 4. Nc3 Bb4 5. Nd5 Bc5 6. Nxf6+ Qxf6 7. O-O O-O
8. d3 d6 9. h3 Be6 10. Bxe6 fxe6 11. a3 Nd4 12. Nxd4 Bxd4 13. Qe2 d5 14. Be3
Bxb2 15. Rad1 dxe4 16. dxe4 Bxa3 17. Rd3 Bb4 18. Rb3 a5 19. c3 Bd6 20. Rxb7
Rfb8 21. Ra7 c5 22. Rxa8 Rxa8 23. Qd2 Rd8 24. Bg5 Be7 25. Qxd8+ Bxd8 26. Bxf6
Bxf6 27. g3 a4 28. h4 g5 29. hxg5 Bxg5 30. Ra1 Bd2 31. c4 Kg7 32. Rxa4 Kg6 33.
Kh2 h5 34. Kh3 Kg5 35. Ra6 Be1 36. f3 h4 37. gxh4+ Bxh4 38. Rxe6 Bf2 39. Rxe5+
Kf4 40. Rf5+ Ke3 41. Rxc5 Kxf3 42. Rf5+ Ke3 43. Rxf2 Kxf2 44. e5 Ke3 45. e6 Kd4
46. e7 Kxc4 47. e8=Q Kd4 48. Qe6 Kd3 49. Kg3 Kc3 50. Qd5 Kb4 51. Qc6 Kb3 52.
Kf2 Kb4 53. Ke3 Kb3 54. Kd4 1-0